| 000 | 00450nam a2200169Ia 4500 | ||
|---|---|---|---|
| 008 | 230711s9999||||xx |||||||||||||| ||und|| | ||
| 020 | _a978-81-224-3364-7 | ||
| 041 | _aENG | ||
| 082 |
_a621.4022 _bKO-F |
||
| 100 | _aKothandaraman,C.P | ||
| 245 | 0 | _aFundamentals of Heat and Mass Transfer | |
| 250 | _a4th Ed. | ||
| 260 |
_c2012 _aNew Delhi _bNew Age International Publishers |
||
| 300 | _a850p. | ||
| 650 | _aMechanical Engineering | ||
| 942 | _cBK | ||
| 999 |
_c6634 _d6634 |
||